| 000 | 01581nam a2200265Ka 4500 | ||
|---|---|---|---|
| 001 | 000001583 | ||
| 005 | 20200929145628.0 | ||
| 008 | 090623s2002 dr ac 001 0 spa d | ||
| 020 | _a844902269X | ||
| 020 | _a9788449022692 | ||
| 040 |
_aDO-SdBNP _bspa _cBNPHU |
||
| 082 |
_a302. 23 _bP441m |
||
| 100 | 1 |
_aPericot I Canaleta, Jordi _95189 |
|
| 245 | 1 | 0 |
_aMostrar para decir : _bla imagen en contexto / _cJordi Pericot I Canaleta ; prólogo Jordi Berrio. |
| 260 |
_aBarcelona : _bUniversitat Auâtónoma de Barcelona. Servei de Publicacions ; _aValencia : _bPublicacions de la Universitat de Valencia, _c2002 ; _aBellaterra : _bUniversitat Pompeu Fabra ; _aCastelló de la Plana : _bUniversitat Jaume I. |
||
| 300 |
_a212 p. : _bretrs. ; _c25 cm. |
||
| 490 | 1 |
_aAldea global ; _v13 |
|
| 500 | _aIncluye datos biográficos del autor | ||
| 505 | 2 | _aPrólogo / Jordi Berrio -- Introducción -- Los componentes de una teoría semiótica -- El discurso audiovisual como macroacto comunitativo -- La construcción de un mundo posible -- Análisis pragmático de las expresiones audiovisuales -- Pragmática de las expresiones deícticas -- Las enunciaciones presupuestas -- El incumplimiento de las máximas -- Los actos de comunicación audiovisual -- La competencia comunicativa plena -- El cumplimiento de un acto inenunciativo -- Conclusión -- Bibliografía. | |
| 650 | 4 |
_aComunicación visual _95190 |
|
| 650 | 4 |
_aComunicación audiovisual _95191 |
|
| 650 | 4 |
_aPublicidad _xAspectos psicológicos _95192 |
|
| 700 | 1 |
_aBerrio, Jordi, _epról. _95193 |
|
| 830 | 0 |
_aAldea global ; _n13 _95194 |
|
| 999 |
_c1479 _d1479 |
||